Statistics for Mediterranean Countries with an Empty Map

Click here to take the quiz!

General Stats

  • This quiz has been taken 73,163 times
  • The average score is 20 of 21

Answers on the Map

Answers color-coded by a green-red scale on the quiz's map according to % correct below.
 

Answer Stats

Country% Correct
Italy
100%
France
99%
Greece
99%
Spain
99%
Egypt
98%
Turkey
98%
Cyprus
97%
Algeria
96%
Croatia
96%
Morocco
96%
Albania
95%
Israel
95%
Libya
95%
Tunisia
95%
Bosnia and
Herzegovina
94%
Montenegro
92%
Lebanon
91%
Syria
91%
Malta
88%
Slovenia
86%
Monaco
82%

Score Distribution

Percentile by Number Answered

Percent of People with Each Score

Your Score History

You have not taken this quiz